000 00712nam a2200181Ia 4500
008 220216s9999 xx 000 0 und d
100 _aSoumahin Eric Francis
245 0 _aLow frequency tapping systems in reverse tapping of clone GT 1 of Hevea brasiliensis in Cote dIvoire
260 _bClimate Change, Low Carbon Economy and Sustainable Natural Rubber Industry: Preprints of Proceedings of IRRDB International Rubber Conference 2010, 18-19 October 2010 Sanya, Hainan, China, pp. 469-501.
650 _aCote dIvoire
650 _aLow frequency tapping
650 _aProfit margin
650 _aReverse tapping
650 _aStimulation
650 _aYield
700 _aObouayeba Samuel
942 _cJS
999 _c62301
_d62301